<?xml version="1.0" encoding="UTF-8"?>
<record
    xmlns:xsi="http://www.w3.org/2001/XMLSchema-instance"
    xsi:schemaLocation="http://www.loc.gov/MARC21/slim http://www.loc.gov/standards/marcxml/schema/MARC21slim.xsd"
    xmlns="http://www.loc.gov/MARC21/slim">

  <leader>01727nam a22002417a 4500</leader>
  <datafield tag="952" ind1=" " ind2=" ">
    <subfield code="0">0</subfield>
    <subfield code="1">0</subfield>
    <subfield code="4">0</subfield>
    <subfield code="7">0</subfield>
    <subfield code="a">23</subfield>
    <subfield code="b">23</subfield>
    <subfield code="d">2019-02-12</subfield>
    <subfield code="l">2</subfield>
    <subfield code="o">RJ370 T73</subfield>
    <subfield code="p">23 002448</subfield>
    <subfield code="r">2022-08-04</subfield>
    <subfield code="s">2022-08-03</subfield>
    <subfield code="t">1</subfield>
    <subfield code="w">2019-02-12</subfield>
    <subfield code="y">LB</subfield>
  </datafield>
  <datafield tag="952" ind1=" " ind2=" ">
    <subfield code="0">0</subfield>
    <subfield code="1">0</subfield>
    <subfield code="4">0</subfield>
    <subfield code="7">0</subfield>
    <subfield code="a">23</subfield>
    <subfield code="b">23</subfield>
    <subfield code="d">2019-02-12</subfield>
    <subfield code="l">1</subfield>
    <subfield code="o">RJ370 T73</subfield>
    <subfield code="p">23 002449</subfield>
    <subfield code="r">2023-07-29</subfield>
    <subfield code="s">2023-07-28</subfield>
    <subfield code="t">2</subfield>
    <subfield code="w">2019-02-12</subfield>
    <subfield code="y">LB</subfield>
  </datafield>
  <datafield tag="952" ind1=" " ind2=" ">
    <subfield code="0">0</subfield>
    <subfield code="1">0</subfield>
    <subfield code="4">0</subfield>
    <subfield code="7">0</subfield>
    <subfield code="a">23</subfield>
    <subfield code="b">23</subfield>
    <subfield code="d">2019-02-12</subfield>
    <subfield code="l">2</subfield>
    <subfield code="o">RJ370 T73</subfield>
    <subfield code="p">23 002450</subfield>
    <subfield code="r">2023-09-26</subfield>
    <subfield code="s">2023-09-25</subfield>
    <subfield code="t">3</subfield>
    <subfield code="w">2019-02-12</subfield>
    <subfield code="y">LB</subfield>
  </datafield>
  <datafield tag="952" ind1=" " ind2=" ">
    <subfield code="0">0</subfield>
    <subfield code="1">0</subfield>
    <subfield code="4">0</subfield>
    <subfield code="7">0</subfield>
    <subfield code="a">23</subfield>
    <subfield code="b">23</subfield>
    <subfield code="d">2019-02-12</subfield>
    <subfield code="l">3</subfield>
    <subfield code="o">RJ370 T73</subfield>
    <subfield code="p">23 002451</subfield>
    <subfield code="r">2023-09-19</subfield>
    <subfield code="s">2023-09-18</subfield>
    <subfield code="t">4</subfield>
    <subfield code="w">2019-02-12</subfield>
    <subfield code="y">LB</subfield>
  </datafield>
  <datafield tag="952" ind1=" " ind2=" ">
    <subfield code="0">0</subfield>
    <subfield code="1">0</subfield>
    <subfield code="4">0</subfield>
    <subfield code="7">0</subfield>
    <subfield code="a">23</subfield>
    <subfield code="b">23</subfield>
    <subfield code="d">2019-02-12</subfield>
    <subfield code="l">5</subfield>
    <subfield code="m">3</subfield>
    <subfield code="o">RJ370 T73</subfield>
    <subfield code="p">23 002452</subfield>
    <subfield code="r">2023-02-23</subfield>
    <subfield code="s">2023-02-08</subfield>
    <subfield code="t">5</subfield>
    <subfield code="w">2019-02-12</subfield>
    <subfield code="y">LB</subfield>
  </datafield>
  <datafield tag="952" ind1=" " ind2=" ">
    <subfield code="0">0</subfield>
    <subfield code="1">0</subfield>
    <subfield code="4">0</subfield>
    <subfield code="7">0</subfield>
    <subfield code="a">23</subfield>
    <subfield code="b">23</subfield>
    <subfield code="d">2019-02-12</subfield>
    <subfield code="l">0</subfield>
    <subfield code="o">RJ370 T73</subfield>
    <subfield code="p">23 002453</subfield>
    <subfield code="r">2019-02-12</subfield>
    <subfield code="t">6</subfield>
    <subfield code="w">2019-02-12</subfield>
    <subfield code="y">LB</subfield>
  </datafield>
  <datafield tag="952" ind1=" " ind2=" ">
    <subfield code="0">0</subfield>
    <subfield code="1">0</subfield>
    <subfield code="4">0</subfield>
    <subfield code="7">0</subfield>
    <subfield code="a">23</subfield>
    <subfield code="b">23</subfield>
    <subfield code="d">2019-02-12</subfield>
    <subfield code="l">1</subfield>
    <subfield code="o">RJ370 T73</subfield>
    <subfield code="p">23 002454</subfield>
    <subfield code="r">2023-09-06</subfield>
    <subfield code="s">2023-09-04</subfield>
    <subfield code="t">7</subfield>
    <subfield code="w">2019-02-12</subfield>
    <subfield code="y">LB</subfield>
  </datafield>
  <datafield tag="952" ind1=" " ind2=" ">
    <subfield code="0">0</subfield>
    <subfield code="1">0</subfield>
    <subfield code="4">0</subfield>
    <subfield code="7">0</subfield>
    <subfield code="a">23</subfield>
    <subfield code="b">23</subfield>
    <subfield code="d">2019-02-12</subfield>
    <subfield code="l">0</subfield>
    <subfield code="o">RJ370 T73</subfield>
    <subfield code="p">23 002455</subfield>
    <subfield code="r">2019-02-12</subfield>
    <subfield code="t">8</subfield>
    <subfield code="w">2019-02-12</subfield>
    <subfield code="y">LB</subfield>
  </datafield>
  <datafield tag="952" ind1=" " ind2=" ">
    <subfield code="0">0</subfield>
    <subfield code="1">0</subfield>
    <subfield code="4">0</subfield>
    <subfield code="7">0</subfield>
    <subfield code="a">23</subfield>
    <subfield code="b">23</subfield>
    <subfield code="d">2019-02-12</subfield>
    <subfield code="l">0</subfield>
    <subfield code="o">RJ370 T73</subfield>
    <subfield code="p">23 002456</subfield>
    <subfield code="r">2019-02-12</subfield>
    <subfield code="t">9</subfield>
    <subfield code="w">2019-02-12</subfield>
    <subfield code="y">LB</subfield>
  </datafield>
  <datafield tag="999" ind1=" " ind2=" ">
    <subfield code="c">103822</subfield>
    <subfield code="d">103822</subfield>
  </datafield>
  <controlfield tag="008">190212s2005    sp  |||| |||| 001 0 spa d</controlfield>
  <datafield tag="020" ind1=" " ind2=" ">
    <subfield code="a">8484733122</subfield>
  </datafield>
  <datafield tag="050" ind1=" " ind2="4">
    <subfield code="a">RJ370</subfield>
    <subfield code="b">T73</subfield>
  </datafield>
  <datafield tag="245" ind1="0" ind2="0">
    <subfield code="a">Tratado de urgencias en pediatr&#xED;a</subfield>
    <subfield code="c">/ J. Benito, C. Luaces, S. Mintegi, J. Pou...[et.al]</subfield>
  </datafield>
  <datafield tag="260" ind1="3" ind2=" ">
    <subfield code="a">Madrid</subfield>
    <subfield code="b">: ERGON</subfield>
    <subfield code="c">, 2005</subfield>
  </datafield>
  <datafield tag="300" ind1=" " ind2=" ">
    <subfield code="a">928 p&#xE1;ginas</subfield>
  </datafield>
  <datafield tag="500" ind1=" " ind2=" ">
    <subfield code="a">Incluye &#xED;ndice de materias (pp. 913-928)</subfield>
  </datafield>
  <datafield tag="504" ind1=" " ind2=" ">
    <subfield code="a">Incluye bibliograf&#xED;a al final de cada cap&#xED;tulo</subfield>
  </datafield>
  <datafield tag="505" ind1="1" ind2=" ">
    <subfield code="a">Los problemas psicosociales en urgencias
Organizaci&#xF3;n de un servicio de urgencias pedi&#xE1;trico
T&#xE9;cnicas y procedimientos m&#xE1;s habituales en urgencias de pediatr&#xED;a
Resucitaci&#xF3;n cardiopulmonar
Atenci&#xF3;n inicial al ni&#xF1;o politraumatizado
Sueroterapia
Analgesia y sedaci&#xF3;n
S&#xED;ndrome febril
Enfermedades y s&#xED;ntomas respiratorios
Enfermedades y s&#xED;ntomas digestivos
Enfermedades y s&#xED;ntomas nefro-urol&#xF3;gicos
Enfermedades y s&#xED;ntomas cardiol&#xF3;gicos
Enfermedades y s&#xED;ntomas neurol&#xF3;gicos
Urgencias endocrino-mmetab&#xF3;licas
Enfermedades y s&#xED;ntomas osteoarticulares y de tejidos blandos
Accidentes infantiles
Miscelanea
Urgencias pedi&#xE1;tricas en atenci&#xF3;n primaria</subfield>
  </datafield>
  <datafield tag="519" ind1=" " ind2=" ">
    <subfield code="a">Plan UNAM 5&#xB0; semestre / </subfield>
    <subfield code="b">Enfermer&#xED;a / </subfield>
    <subfield code="c">Enfermer&#xED;a de la ni&#xF1;ez y la adolescencia (1510) / </subfield>
    <subfield code="d">(23 002447, 23 002448, 23 002449, 23 002450, 23 002451, 23 002452, 23 002453, 23 002454, 23 002455, 23 002456)</subfield>
  </datafield>
  <datafield tag="650" ind1="1" ind2="4">
    <subfield code="a">URGENCIAS PEDIATRICAS</subfield>
  </datafield>
  <datafield tag="700" ind1="1" ind2=" ">
    <subfield code="a">Benito Fern&#xE1;ndez, Javier</subfield>
    <subfield code="e">autor</subfield>
  </datafield>
  <datafield tag="700" ind1="1" ind2=" ">
    <subfield code="a">Luaces i Cubells, Carles</subfield>
    <subfield code="e">autor</subfield>
  </datafield>
  <datafield tag="700" ind1=" " ind2=" ">
    <subfield code="a">Mintegi Raso Santiago </subfield>
    <subfield code="e">autor</subfield>
  </datafield>
  <datafield tag="700" ind1="1" ind2=" ">
    <subfield code="a">Pou i Fernandez, Jordi</subfield>
    <subfield code="c">autor</subfield>
  </datafield>
  <datafield tag="942" ind1=" " ind2=" ">
    <subfield code="c">LB</subfield>
  </datafield>
</record>
